| 000 | 01128nam0a22002891 4500 | ||
|---|---|---|---|
| 001 | rc\365155 | ||
| 005 | 20030307123513.5 | ||
| 010 |
_a5-520-00106-5 _91200 |
||
| 035 | _a(NLR Aleph) 005595647 | ||
| 090 |
_a6258877 _c6258877 |
||
| 100 | _a20030307d1989 u |0rusy50 ca | ||
| 101 | 0 | _arus | |
| 102 | _aRU | ||
| 105 | _ay ||||||||| | ||
| 200 | 1 |
_aГрузинская литература XIX века в кинодраматургии _e(На прим. В. Пшавела, А. Церетели, Д. Клдиашвили) _fАН ГССР, Ин-т груз. лит. им. Шота Руставели |
|
| 210 |
_aТбилиси _cМецниереба _d1989 |
||
| 215 |
_a61, [2] с. _d22 |
||
| 320 | _aБиблиогр.: с. 61-62 (52 назв.) | ||
| 600 | 0 |
_aВажа Пшавела _2psbo |
|
| 600 | 1 |
_aЦеретели _bА. _gАкакий _2psbo |
|
| 600 | 1 |
_aКлдиашвили _bД.С. _gДавид Самсонович _2psbo |
|
| 700 | 1 |
_aКвливидзе _bЖ. Н. _gЖужуна Николаевна |
|
| 801 | 0 |
_aRU _bNLR _gpsbo |
|
| 801 | 1 |
_aRU _bELAR _2rusmarc |
|
| 852 |
_aNLR _j89-6/1749 |
||
| 942 | _cBOOK | ||
| 980 | _aNB | ||